000 00545nam a2200193 4500
005 20241024124908.0
010 _aENG-142411
020 _c350.00
_a9789389810066
035 _aEN-125943
037 _bDBAD
082 _a239
100 _aBeas, Radha Soami Satsang
_973370
245 _aBeing A Teenager Today/
_bRadha Soami Satsang Beas
250 _aFirst
260 _bJ. C. Sethi
_aPunjab
_c2020
270 _aDera Baba Jaimal Singh
_bPunjab
_e143204
300 _a113p.
_c22cm(pb)
942 _2ddc
_cEN
_h239
_mBEA
_e2020
999 _c206698
_d206698